Name the Countries - Harry Potter Movies - Statistics

General Stats
  • This quiz has been taken 57 times
  • The average score is 9 of 14
Answer Stats
Hint Countries % Correct
Hogwarts United Kingdom
98%
Quidditch Ireland
86%
School France
83%
Dragon Hungary
79%
Quidditch Bulgaria
76%
Vacation Egypt
76%
Dragon China
71%
Dragon Sweden
64%
Dragon Norway
62%
Dragon Romania
62%
Dragon Ukraine
43%
Dragon Wales
40%
Powder Peru
19%
Herbology Nepal
14%
No matching quizzes found
Score Distribution
Percent of People with Each Score
Percentile by Number Answered
Your Score History
You have not taken this quiz